[Event "FIDE World Rapid 2014"]
[Site "Dubai UAE"]
[Date "2014.06.18"]
[Round "12.33"]
[White "Ipatov, Alexander"]
[Black "Riazantsev, Alexander"]
[Result "1/2-1/2"]
[WhiteTitle "GM"]
[BlackTitle "GM"]
[WhiteElo "2613"]
[BlackElo "2692"]
[WhiteFideId "14116731"]
[BlackFideId "4125029"]
[EventDate "2014.06.16"]

1. d4 e6 2. c4 Nf6 3. Nc3 Bb4 4. e3 O-O 5. Ne2 d5 6. a3 Bd6 7. c5 Be7 8. b4 b6
9. Nf4 a5 10. Bd2 axb4 11. axb4 Rxa1 12. Qxa1 Nc6 13. Qa4 e5 14. Qxc6 exf4 15.
Bd3 fxe3 16. Bxe3 Bd7 17. Qb7 Bc8 18. Qc6 Bd7 19. Qb7 Bc8 20. Qc6 Bd7 21. Qb7 1/2-1/2

[Event "FIDE World Rapid 2014"]
[Site "Dubai UAE"]
[Date "2014.06.18"]
[Round "12.34"]
[White "Goloshchapov, Alexander"]
[Black "Kasimdzhanov, Rustam"]
[Result "1/2-1/2"]
[WhiteTitle "GM"]
[BlackTitle "GM"]
[WhiteElo "2586"]
[BlackElo "2700"]
[WhiteFideId "14103222"]
[BlackFideId "14200244"]
[EventDate "2014.06.16"]

1. d4 Nf6 2. c4 c5 3. d5 b5 4. Nf3 g6 5. Qc2 bxc4 6. e4 d6 7. Bxc4 Bg7 8. Nc3
O-O 9. h3 Nbd7 10. O-O Nb6 11. Be2 e6 12. dxe6 Bxe6 13. Bf4 Qe7 14. Rad1 d5 15.
exd5 Nfxd5 16. Nxd5 Nxd5 17. Bg5 Qb7 18. Qxc5 Rac8 19. Qa5 Rc2 20. Ba6 Qb6 21.
Qxb6 Nxb6 22. Nd4 Rxb2 23. Nxe6 fxe6 24. Rd2 Rxd2 25. Bxd2 Bd4 26. g3 Kg7 27.
Kg2 Nd5 28. Bc4 Rc8 29. Bb3 Rf8 30. f4 Ne3+ 31. Bxe3 Bxe3 32. Re1 Bc5 33. Rxe6
Rd8 34. Re2 Rd3 35. h4 h5 36. Rc2 Bb6 37. Re2 Be3 38. Re1 Kf6 39. Bc4 Rc3 40.
Bb3 Rd3 41. Rf1 Rd2+ 42. Kh3 Rd3 43. Bc4 Rc3 44. Bd5 Bb6 45. Be4 Re3 46. Bb1 Bc7
47. Rf2 Re1 48. Rc2 Bxf4 49. Rc6+ Ke7 50. gxf4 Rxb1 51. Rxg6 Rh1+ 52. Kg2 Rxh4
53. Kg3 Rh1 54. Rg7+ Kf6 55. Rxa7 Rg1+ 56. Kf2 Rc1 57. a4 h4 58. a5 h3 59. Kg3
Rc3+ 60. Kh2 Kf5 61. a6 Kxf4 62. Ra8 Kg4 63. Rg8+ Kh4 64. Rh8+ Kg4 65. a7 Rc2+
66. Kh1 Rc1+ 67. Kh2 Rc2+ 68. Kg1 h2+ 69. Kh1 Kg3 70. Rg8+ Kh3 71. Rh8+ Kg3 72.
Rg8+ 1/2-1/2

[Event "FIDE World Rapid 2014"]
[Site "Dubai UAE"]
[Date "2014.06.18"]
[Round "12.35"]
[White "Al-Modiahki, Mohamad"]
[Black "Laznicka, Viktor"]
[Result "0-1"]
[WhiteTitle "GM"]
[BlackTitle "GM"]
[WhiteElo "2549"]
[BlackElo "2679"]
[WhiteFideId "12100030"]
[BlackFideId "316385"]
[EventDate "2014.06.16"]

1. e4 c6 2. d4 d5 3. Nc3 dxe4 4. Nxe4 Bf5 5. Ng3 Bg6 6. Nf3 Nd7 7. h4 h6 8. h5
Bh7 9. Bd3 Bxd3 10. Qxd3 e6 11. Bd2 Ngf6 12. O-O-O Be7 13. Ne4 O-O 14. g4 Nxe4
15. Qxe4 Nf6 16. Qe2 Qd5 17. Kb1 Qe4 18. Be3 Nxg4 19. Nd2 Qf5 20. Rdg1 Nxe3 21.
fxe3 Bg5 22. Rf1 Qh7 23. Rhg1 f6 24. Qc4 Rae8 25. Qb3 Rf7 26. Nc4 Rd7 27. Rg4
Kh8 28. a4 Red8 29. a5 Qg8 30. Ka2 Qe8 31. Rh1 Rb8 32. Rxg5 hxg5 33. h6 g6 34.
Nd2 Qe7 35. Ne4 Rd5 36. Qa4 g4 37. c4 Rh5 38. Rf1 f5 39. Nc5 Rxh6 40. Nd3 Kh7
41. Ne5 Rh3 42. Qb3 Rf8 43. a6 bxa6 44. Nxc6 Qc7 45. Qa3 Rc8 46. Ne5 Rb8 47.
Qxa6 Rxe3 48. c5 Qb7 49. Qxb7+ Rxb7 50. Nc4 Rd3 51. Nd6 Re7 52. Nc8 Rc7 53. Nd6
g3 54. Rh1+ Kg8 0-1

[Event "FIDE World Rapid 2014"]
[Site "Dubai UAE"]
[Date "2014.06.18"]
[Round "12.36"]
[White "Milov, Vadim"]
[Black "Volokitin, Andrei"]
[Result "1/2-1/2"]
[WhiteTitle "GM"]
[BlackTitle "GM"]
[WhiteElo "2622"]
[BlackElo "2638"]
[WhiteFideId "1304364"]
[BlackFideId "14107090"]
[EventDate "2014.06.16"]

1. d4 Nf6 2. c4 g6 3. Nc3 d5 4. Nf3 Bg7 5. e3 O-O 6. Be2 c5 7. dxc5 dxc4 8. O-O
Qa5 9. Qd4 Na6 10. Qxc4 Qxc5 11. e4 Be6 12. Qxc5 Nxc5 13. Ng5 Bd7 14. e5 Ne8 15.
Be3 Na4 16. Nxa4 Bxa4 17. f4 Nc7 18. Bc5 Nd5 19. Bc4 Rac8 20. Bxd5 Rxc5 21. Bxb7
Rb8 22. Bf3 Rxb2 23. Rac1 Rxc1 24. Rxc1 Bh6 25. h4 Bc2 26. a3 e6 27. Bd1 Bxd1
28. Rxd1 Rb3 29. Rd8+ Kg7 30. Rd7 Bxg5 31. hxg5 Rxa3 32. Kf2 a5 33. Ra7 a4 34.
g3 Ra1 35. Kg2 a3 36. Kh3 Kf8 37. Kg2 Kg7 38. Kh3 h6 39. gxh6+ Kxh6 40. Kg4 a2
41. Ra8 g5 42. fxg5+ Kg7 43. Ra7 Kg6 44. Ra8 Re1 45. Rxa2 Rxe5 46. Ra8 Rxg5+ 47.
Kf3 Rb5 48. g4 Kf6 49. Kg3 Rb3+ 50. Kf4 Rb4+ 51. Kf3 e5 52. Rc8 Rf4+ 53. Kg3 Ke6
54. Ra8 Rd4 55. Ra6+ Rd6 56. Ra3 Kf6 57. Kf3 Kg5 58. Ra8 Rf6+ 59. Kg3 Rc6 60.
Rg8+ Kf6 61. Kf3 Ke6 62. Ra8 Kd5 63. Ra3 Kd4 64. Ra4+ Kd5 65. Ra3 Ke6 66. Ra8
Rc3+ 67. Ke4 Rc4+ 68. Kf3 Kf6 69. Rg8 Rc3+ 70. Kf2 Ra3 71. Kg2 Ke6 72. Re8+ Kf6
73. Rg8 Rb3 74. Kf2 Rc3 75. Kg2 Rc6 76. Kf3 Rc3+ 77. Kf2 Rh3 78. Kg2 Ra3 79. Kf2
Ra7 80. Kf3 Ra1 81. Kf2 Ra4 82. Kf3 Rf4+ 83. Kg3 Ke6 84. Re8+ Kd5 85. Ra8 Rc4
86. Rf8 Rc3+ 87. Kf2 Rc7 88. Kf3 Rd7 89. Ra8 Ke6 90. Re8+ Kf6 91. Rg8 Rd3+ 92.
Kf2 Ke6 93. Re8+ Kf6 94. Rg8 Ra3 95. Kg2 Ke6 96. Rb8 e4 97. Rb5 Rd3 98. Kf2 Rd5
99. Rb7 Rg5 100. Rb6+ Ke5 101. Kg3 Kd4 102. Kf4 Rg6 103. Rb4+ Kd3 104. Rb3+ Kc4
105. Rb7 Re6 106. Ke3 f6 107. Rd7 Re5 1/2-1/2

[Event "FIDE World Rapid 2014"]
[Site "Dubai UAE"]
[Date "2014.06.18"]
[Round "12.37"]
[White "Durarbayli, Vasif"]
[Black "Polgar, Judit"]
[Result "1/2-1/2"]
[WhiteTitle "GM"]
[BlackTitle "GM"]
[WhiteElo "2590"]
[BlackElo "2685"]
[WhiteFideId "13402935"]
[BlackFideId "700070"]
[EventDate "2014.06.16"]

1. e4 c5 2. Nf3 Nc6 3. d4 cxd4 4. Nxd4 Nf6 5. Nc3 Qb6 6. Nb3 e6 7. Be3 Qc7 8. a3
a6 9. f4 d6 10. g4 h6 11. Bg2 Be7 12. O-O g5 13. fxg5 hxg5 14. h3 Nd7 15. Qd2 f6
16. Qf2 Nce5 17. Nd4 Nf8 18. Nf3 Nfg6 19. Nxe5 Nxe5 20. Na4 b5 21. Nb6 Rb8 22.
Nxc8 Rxc8 23. c3 d5 24. Bb6 Nxg4 25. Bxc7 Nxf2 26. Kxf2 Rxc7 27. exd5 e5 28. Kg3
Rh6 29. a4 b4 30. cxb4 Bxb4 31. Rac1 Rxc1 32. Rxc1 f5 33. Rf1 Rf6 34. Be4 f4+
35. Kg4 Be7 36. a5 Rh6 37. Rf3 Kf7 38. Rb3 Bd8 39. Rb7+ Kf6 40. Rh7 Rxh7 41.
Bxh7 Bxa5 42. Bd3 Bc7 43. b4 Bd6 44. Kf3 Bxb4 45. Bxa6 Ke7 46. d6+ Bxd6 47. Bb7
Kf6 48. Ke4 Kg6 49. Bc8 Kh5 50. Bg4+ Kh4 51. Kf3 Bb8 52. Bf5 Bc7 53. Bg4 e4+ 54.
Kxe4 Kg3 55. Bh5 Kxh3 56. Kf3 1/2-1/2

[Event "FIDE World Rapid 2014"]
[Site "Dubai UAE"]
[Date "2014.06.18"]
[Round "12.38"]
[White "Shyam, Sundar M."]
[Black "Anton Guijarro, David"]
[Result "1-0"]
[WhiteTitle "GM"]
[BlackTitle "GM"]
[WhiteElo "2468"]
[BlackElo "2631"]
[WhiteFideId "5019141"]
[BlackFideId "2285525"]
[EventDate "2014.06.16"]

1. e4 g6 2. d4 Bg7 3. Nc3 c6 4. Nf3 d6 5. g3 Nf6 6. Bg2 O-O 7. O-O Qc7 8. a4 a5
9. h3 Nbd7 10. Be3 e5 11. Qd2 exd4 12. Nxd4 Re8 13. Rfe1 Nc5 14. Bf4 Nh5 15. Be3
Bd7 16. Rad1 Rad8 17. g4 Nf6 18. Bg5 Bc8 19. Ndb5 cxb5 20. Bxf6 Be6 21. Nxb5 Qb6
22. Bxd8 Rxd8 23. b3 h6 24. Qe3 g5 25. Nd4 Be5 26. Nf5 Kh7 27. h4 Bf4 28. Qh3
gxh4 29. Qxh4 Rg8 30. Qh3 Qd8 31. Rxd6 Qg5 32. Rdd1 Nd7 33. Qh4 Qxh4 34. Nxh4
Ne5 35. Nf5 h5 36. f3 hxg4 37. fxg4 Nxg4 38. Rd3 Re8 39. Rf1 Bb8 40. Rh3+ Kg6
41. Bf3 Ne5 42. Kg2 Kg5 43. Be2 Ng4 44. Bxg4 Kxg4 45. Nh6+ Kg5 46. Nxf7+ Kg4 47.
Rh7 Bxf7 48. Rg7+ 1-0

[Event "FIDE World Rapid 2014"]
[Site "Dubai UAE"]
[Date "2014.06.18"]
[Round "12.39"]
[White "Aleksandrov, Aleksej"]
[Black "Hansen, Eric"]
[Result "1/2-1/2"]
[WhiteTitle "GM"]
[BlackTitle "GM"]
[WhiteElo "2554"]
[BlackElo "2584"]
[WhiteFideId "13500139"]
[BlackFideId "2606771"]
[EventDate "2014.06.16"]

1. d4 Nf6 2. c4 g6 3. Nc3 d5 4. cxd5 Nxd5 5. Bd2 Bg7 6. e4 Nb6 7. Be3 O-O 8. Bb5
Nc6 9. Nge2 Qd6 10. Rc1 Rd8 11. e5 Qb4 12. a3 Qxb2 13. Rb1 Qxa3 14. Ra1 Qb4 15.
Rb1 Qa3 16. Ra1 Qb4 17. Rb1 Qa3 18. Bd2 Nxd4 19. Nd5 1/2-1/2

[Event "FIDE World Rapid 2014"]
[Site "Dubai UAE"]
[Date "2014.06.18"]
[Round "12.40"]
[White "Inarkiev, Ernesto"]
[Black "Michalik, Peter"]
[Result "1-0"]
[WhiteTitle "GM"]
[BlackTitle "GM"]
[WhiteElo "2682"]
[BlackElo "2557"]
[WhiteFideId "4162722"]
[BlackFideId "14907526"]
[EventDate "2014.06.16"]

1. e4 e5 2. Nf3 Nc6 3. Bb5 Nf6 4. d3 Bc5 5. c3 O-O 6. O-O d6 7. Bg5 h6 8. Bh4 g5
9. Bg3 Bg4 10. h3 Bh5 11. Nbd2 a6 12. Bxc6 bxc6 13. Qa4 Qd7 14. d4 exd4 15. Nxd4
Bg6 16. Rfe1 Bxd4 17. Qxd4 Nh5 18. Bh2 c5 19. Qc4 Qb5 20. b4 Qxc4 21. Nxc4 cxb4
22. cxb4 Rab8 23. a3 Rfe8 24. f3 Ng7 25. g4 Ne6 26. Red1 f6 27. Rac1 Red8 28.
Bg3 Rb5 29. Ne3 a5 30. Nd5 axb4 31. axb4 Kf7 32. Nxc7 Rxb4 33. Bxd6 Rd4 34. Nb5
Rxd1+ 35. Rxd1 Kg7 36. e5 f5 37. Nd4 Nxd4 38. Rxd4 fxg4 39. hxg4 Kf7 40. Rb4 Ke6
41. Rb6 Rg8 42. Bb8+ Kd5 43. Rd6+ Kc4 44. Bc7 h5 45. Bd8 hxg4 46. fxg4 Bf7 47.
Kf2 Bd5 48. Kg3 Re8 49. Bf6 Re6 50. Rd7 Kd4 51. Rg7 Ke4 52. Rxg5 Ra6 53. Rf5
Ra3+ 54. Kh4 Be6 55. Rf1 Ra2 56. Kg5 Rg2 57. Rf4+ Kd5 58. Kh5 Bf7+ 59. Kh6 Ke6
60. Rd4 Be8 61. Kg7 1-0

[Event "FIDE World Rapid 2014"]
[Site "Dubai UAE"]
[Date "2014.06.18"]
[Round "12.41"]
[White "Maletin, Pavel"]
[Black "Gundavaa, Bayarsaikhan"]
[Result "1-0"]
[WhiteTitle "GM"]
[BlackTitle "GM"]
[WhiteElo "2588"]
[BlackElo "2501"]
[WhiteFideId "4146786"]
[BlackFideId "4901045"]
[EventDate "2014.06.16"]

1. d4 Nf6 2. c4 e6 3. Nc3 Bb4 4. Nf3 d5 5. Bg5 Nbd7 6. e3 c5 7. cxd5 exd5 8. Bd3
Qa5 9. Qc2 c4 10. Bf5 O-O 11. O-O g6 12. Bh3 Kg7 13. Bh4 Bxc3 14. bxc3 Nb6 15.
Bxc8 Raxc8 16. Nd2 Na4 17. Rac1 Rfe8 18. Bxf6+ Kxf6 19. e4 Kg7 20. e5 Rc6 21. f4
f5 22. exf6+ Rxf6 23. f5 gxf5 24. Nf3 Re4 25. Qd2 h6 26. Ne5 Nc5 27. Rf3 Ne6 28.
Rb1 b6 29. Nc6 Qa4 30. Ne7 Qd7 31. Nxf5+ Rxf5 32. Rxf5 Nxd4 33. Rf2 Nf5 34. Re1
Qe6 35. Rxe4 dxe4 36. Qf4 e3 37. Re2 h5 38. Qg5+ Qg6 39. Qxg6+ Kxg6 40. g3 b5
41. a3 a5 42. Rb2 Nd6 43. Re2 Nf5 44. Kg2 b4 45. axb4 axb4 46. cxb4 c3 47. Rc2
e2 48. Rxe2 Kf6 49. Kf2 Nd4 50. Re8 c2 51. Rc8 Ke5 52. Ke3 Kd5 53. Rc5+ 1-0

[Event "FIDE World Rapid 2014"]
[Site "Dubai UAE"]
[Date "2014.06.18"]
[Round "12.42"]
[White "Al-Sayed, Mohammed"]
[Black "Sokolov, Ivan"]
[Result "1-0"]
[WhiteTitle "GM"]
[BlackTitle "GM"]
[WhiteElo "2505"]
[BlackElo "2650"]
[WhiteFideId "12100196"]
[BlackFideId "14400030"]
[EventDate "2014.06.16"]

1. d4 d5 2. c4 e6 3. Nc3 Bb4 4. Nf3 c5 5. cxd5 exd5 6. g3 Nc6 7. Bg2 Nge7 8. O-O
c4 9. Bd2 O-O 10. b3 Qa5 11. Qe1 Bg4 12. a3 Bxc3 13. Bxc3 Qa6 14. bxc4 Qxc4 15.
Qd2 Nf5 16. e3 Nd6 17. Rfc1 Ne4 18. Qb2 Nxc3 19. Rxc3 Qa6 20. Ne1 Rfd8 21. Rc5
Be6 22. Bf1 Qb6 23. Rb5 Qc7 24. Rxb7 Qd6 25. Rb5 Rab8 26. Qc3 Rbc8 27. Rc5 h5
28. h4 Bf5 29. Rc1 Ne7 30. Bd3 Bg4 31. Qb4 Rb8 32. Rb5 Rxb5 33. Qxd6 Rxd6 34.
Bxb5 Rb6 35. a4 f6 36. Rc7 a6 37. Bf1 Nc6 38. Bg2 Be6 39. Nd3 Bf7 40. Rd7 Rb3
41. Rxf7 1-0

[Event "FIDE World Rapid 2014"]
[Site "Dubai UAE"]
[Date "2014.06.18"]
[Round "12.43"]
[White "Sandipan, Chanda"]
[Black "Ringoir, Tanguy"]
[Result "1/2-1/2"]
[WhiteTitle "GM"]
[BlackTitle "IM"]
[WhiteElo "2594"]
[BlackElo "2506"]
[WhiteFideId "5004225"]
[BlackFideId "208027"]
[EventDate "2014.06.16"]

1. d4 f5 2. g3 Nf6 3. Bg2 g6 4. c3 Bg7 5. Qb3 Nc6 6. Nd2 d5 7. Ndf3 O-O 8. Nh3
e6 9. Nf4 Ne4 10. h4 b6 11. Nd3 Na5 12. Qd1 c5 13. Bf4 Nc6 14. Nde5 Qe8 15. h5
Nxe5 16. dxe5 Ba6 17. hxg6 hxg6 18. Qc1 Kf7 19. Nd2 Rh8 20. Nxe4 Rxh1+ 21. Bxh1
dxe4 22. Qe3 Rd8 23. f3 Qb5 24. b3 exf3 25. Bxf3 c4 26. bxc4 Qb2 27. Rd1 Rxd1+
28. Kxd1 Qb1+ 29. Kd2 Qxa2+ 30. Ke1 Bxc4 31. Bh6 Bh8 32. Qd4 Bd5 33. Qb4 Bg7 34.
Bxg7 Kxg7 35. Qe7+ Kh6 36. Qf8+ Kh7 37. Qf7+ Kh8 38. Qxg6 Bxf3 39. exf3 Qb1+ 40.
Kf2 Qc2+ 41. Kg1 Qd1+ 42. Kg2 Qe2+ 43. Kh3 Qxe5 44. f4 Qe2 45. Qe8+ Kg7 46. Qe7+
Kg6 47. Qe8+ Kg7 48. Qe7+ Kg6 49. Qe8+ Kg7 1/2-1/2

[Event "FIDE World Rapid 2014"]
[Site "Dubai UAE"]
[Date "2014.06.18"]
[Round "12.44"]
[White "Debashis, Das"]
[Black "Savchenko, Boris"]
[Result "1-0"]
[WhiteTitle "GM"]
[BlackTitle "GM"]
[WhiteElo "2484"]
[BlackElo "2581"]
[WhiteFideId "5024854"]
[BlackFideId "4147332"]
[EventDate "2014.06.16"]

1. d4 Nf6 2. c4 e6 3. Nc3 d5 4. cxd5 exd5 5. Bg5 Nbd7 6. e3 c6 7. Bd3 g6 8. Nge2
Bg7 9. O-O O-O 10. f3 h6 11. Bh4 Re8 12. e4 g5 13. Bg3 dxe4 14. fxe4 Nb6 15. Bc2
Bg4 16. e5 Nfd7 17. Bb3 Be6 18. Ne4 Nf8 19. Nd6 Re7 20. Nc3 Qd7 21. Nce4 Bxb3
22. axb3 Nd5 23. Nc5 Qc7 24. Qh5 Ne6 25. Nf5 Nxc5 26. e6 Nf4 27. Bxf4 Bxd4+ 28.
Nxd4 gxf4 29. Qxc5 fxe6 30. Rae1 Rae8 31. Qe5 Qxe5 32. Rxe5 Rd7 33. Rxf4 Rd5 34.
Rxe6 Red8 35. Nf5 Rd1+ 36. Kf2 R8d2+ 37. Kg3 Kf7 38. Rxh6 Rb1 39. Rg4 1-0

[Event "FIDE World Rapid 2014"]
[Site "Dubai UAE"]
[Date "2014.06.18"]
[Round "12.45"]
[White "Moradiabadi, Elshan"]
[Black "Vahidov, Tair"]
[Result "0-1"]
[WhiteTitle "GM"]
[BlackTitle "GM"]
[WhiteElo "2586"]
[BlackElo "2446"]
[WhiteFideId "12501255"]
[BlackFideId "14200155"]
[EventDate "2014.06.16"]

1. d4 Nf6 2. c4 g6 3. Nc3 d5 4. Nf3 Bg7 5. Bf4 O-O 6. Rc1 dxc4 7. e3 c5 8. dxc5
Qa5 9. Bxc4 Qxc5 10. Bb3 Qa5 11. O-O Nc6 12. Qe2 Nh5 13. Bg5 Bg4 14. Bh4 Qb4 15.
Nd5 Bxf3 16. Nxb4 Bxe2 17. Nxc6 bxc6 18. Rfe1 Bb5 19. a4 Bd3 20. Red1 Bxb2 21.
Rxc6 Be4 22. Rc4 Bf5 23. g4 Be6 24. gxh5 Bxc4 25. Bxc4 Bf6 26. Bg3 Rfd8 27. Rb1
gxh5 28. Ba6 e5 29. h4 Rab8 30. Rc1 Rb4 31. Bb5 a6 32. Bxa6 Rxa4 33. Be2 Rd2 34.
Bxh5 Bxh4 35. Bxe5 Bxf2+ 36. Kf1 Bh4 37. Rc8+ Rd8 38. Rc7 f6 39. Bd4 Raxd4 40.
exd4 Rxd4 41. Ke2 Bg5 42. Rb7 h6 43. Bg6 Rh4 44. Kd3 h5 45. Bf7+ Kf8 46. Bg6
Rh3+ 47. Ke4 Re3+ 48. Kd4 h4 49. Bf5 Re5 50. Bg4 Ra5 51. Be6 Ke8 52. Rh7 Re5 53.
Bg4 Kf8 54. Rb7 Kg8 55. Rd7 Be3+ 56. Kd3 Bf2 57. Kd2 Bc5 58. Kd1 Be7 59. Rd2 Kg7
60. Re2 Rd5+ 61. Ke1 Bd6 62. Kf1 Rg5 63. Rg2 Kh6 64. Bh3 Rd5 65. Rf2 Be5 66. Kg2
Rd3 67. Rf3 Rd4 68. Rf2 Bf4 69. Kf3 Kg5 70. Rg2+ Bg3 71. Rc2 Rd3+ 72. Kg2 Be5
73. Be6 f5 74. Rc1 h3+ 75. Kh1 Bd4 76. Rf1 f4 77. Kh2 Be5 78. Bxh3 f3+ 79. Kh1
Kh4 80. Bg2 fxg2+ 81. Kxg2 Kg4 82. Rf2 Bf4 83. Re2 Ra3 84. Kf1 Be3 85. Kg2 Rd3
86. Kf1 Rd1+ 87. Re1 Rd3 88. Ke2 Ra3 89. Rd1 Bf4 90. Rg1+ Kf5 91. Rg8 Ke4 92.
Re8+ Be5 93. Ke1 Ra2 94. Re7 Kd4 95. Kf1 Ke4 96. Ke1 Kf4 97. Kd1 Bd4 98. Re2
Ra1+ 99. Kc2 Be3 100. Kb3 Ke4 101. Rc2 Bd4 102. Kc4 Ra8 103. Rh2 Rc8+ 104. Kb3
Kd3 105. Rh3+ Be3 106. Rg3 Rb8+ 107. Ka3 Kd4 108. Ka2 Bd2 109. Rb3 Ra8+ 110. Kb1
Kc4 111. Rb7 Bc3 112. Rc7+ Kd3 0-1

[Event "FIDE World Rapid 2014"]
[Site "Dubai UAE"]
[Date "2014.06.18"]
[Round "12.46"]
[White "Vakhidov, Jahongir"]
[Black "Kovalev, Vladislav"]
[Result "1/2-1/2"]
[WhiteTitle "IM"]
[BlackTitle "GM"]
[WhiteElo "2471"]
[BlackElo "2554"]
[WhiteFideId "14201801"]
[BlackFideId "13504398"]
[EventDate "2014.06.16"]

1. Nf3 Nf6 2. d4 g6 3. e3 Bg7 4. Be2 O-O 5. c4 c5 6. d5 b5 7. cxb5 a6 8. Nc3
axb5 9. Bxb5 d6 10. O-O Ba6 11. Bxa6 Nxa6 12. Nd2 Nd7 13. Nc4 Nb6 14. Qb3 Nb4
15. e4 Nxc4 16. Qxc4 Qa5 17. Bg5 Rfe8 18. Rfc1 Qa6 19. Qxa6 Rxa6 20. Rd1 Kf8 21.
a3 Nc2 22. Rac1 Nd4 23. Kf1 Rb8 24. b4 Nb3 25. Rc2 Rxa3 26. bxc5 Nxc5 27. Bd2
Rab3 28. f3 f5 29. exf5 gxf5 30. Ne2 Kf7 31. Bc3 Bxc3 32. Rxc3 Rxc3 33. Nxc3 Rb2
34. Ne2 Kf6 35. Nf4 Rb4 36. g3 Rb2 37. h4 Nd7 38. Ne2 Ne5 39. Kf2 Rb3 40. Nd4
Rd3 41. Rxd3 Nxd3+ 42. Ke3 Nb4 43. Nc6 Nxd5+ 44. Kd4 Nc7 45. g4 e5+ 46. Kd3 h6
47. Nb4 d5 48. Ke3 Ke6 49. Nc6 Ne8 50. f4 fxg4 51. fxe5 Kf5 52. Kd4 Nc7 53. Ne7+
Ke6 54. Ng6 Kf5 55. Ne7+ Ke6 56. Ng6 Kf5 57. Ne7+ Ke6 1/2-1/2

[Event "FIDE World Rapid 2014"]
[Site "Dubai UAE"]
[Date "2014.06.18"]
[Round "12.47"]
[White "Ghaem Maghami, Ehsan"]
[Black "Tissir, Mohamed"]
[Result "1-0"]
[WhiteTitle "GM"]
[BlackTitle "IM"]
[WhiteElo "2582"]
[BlackElo "2380"]
[WhiteFideId "12500739"]
[BlackFideId "9000240"]
[EventDate "2014.06.16"]

1. c4 Nf6 2. Nc3 g6 3. e4 d6 4. d4 Bg7 5. Nf3 O-O 6. Be2 e5 7. O-O Nbd7 8. Be3
c6 9. Qc2 h6 10. Rad1 Qe7 11. dxe5 dxe5 12. h3 Nh5 13. Qd2 Kh7 14. Rfe1 Re8 15.
a3 Nf8 16. b4 Ne6 17. Qc1 Nhf4 18. Bf1 Rg8 19. g3 g5 20. Kh2 Qf6 21. Ng1 Bf8 22.
Qc2 a5 23. c5 axb4 24. axb4 Kh8 25. Na4 Ng6 26. Nb6 Rb8 27. Nxc8 Rxc8 28. Rd7
Rb8 29. Bc4 Bg7 30. Qa2 Rgd8 31. Red1 Rxd7 32. Rxd7 Ngf8 33. Rd6 Rd8 34. Qa7 Qe7
35. Rxc6 Qf6 36. Rd6 Rxd6 37. cxd6 Nd4 38. Qxb7 Qxd6 39. Qxf7 Kh7 40. b5 Nc2 41.
Ba7 Nd4 42. Nf3 Qa3 43. Bxd4 exd4 44. Ne5 1-0

[Event "FIDE World Rapid 2014"]
[Site "Dubai UAE"]
[Date "2014.06.18"]
[Round "12.48"]
[White "Georgiev, Kiril"]
[Black "AlHuwar, Jasem"]
[Result "1-0"]
[WhiteTitle "GM"]
[BlackTitle "FM"]
[WhiteElo "2644"]
[BlackElo "2277"]
[WhiteFideId "2900017"]
[BlackFideId "9300465"]
[EventDate "2014.06.16"]

1. Nf3 d5 2. g3 Nf6 3. Bg2 Bg4 4. c4 c6 5. O-O e6 6. d3 Nbd7 7. cxd5 exd5 8. Be3
Bd6 9. Qb3 Qc7 10. Nc3 Nc5 11. Qc2 Ne6 12. Nd4 O-O 13. Rac1 Qd7 14. Rfe1 c5 15.
Nxe6 fxe6 16. Bg5 Rac8 17. e4 dxe4 18. Bxf6 gxf6 19. Nxe4 b6 20. Nxd6 Qxd6 21.
Qa4 Bf5 22. Qxa7 Bxd3 23. Bh3 f5 24. Bg2 c4 25. Qb7 Rc7 26. Rxe6 Qxe6 27. Qxc7
f4 28. Qc6 Qxc6 29. Bxc6 fxg3 30. hxg3 Kg7 31. Bb5 Rf5 32. a4 Rc5 33. f4 Kf6 34.
b3 Kf5 35. Bxc4 Be4 36. Kf2 Rc6 37. Ke3 Rg6 38. Rg1 h5 39. Be2 Re6 40. Bxh5 Bc2+
41. Kf2 Bxb3 42. Bf7 1-0

[Event "FIDE World Rapid 2014"]
[Site "Dubai UAE"]
[Date "2014.06.18"]
[Round "12.49"]
[White "Taleb, Moussa"]
[Black "Fier, Alexandr"]
[Result "1-0"]
[WhiteTitle "GM"]
[BlackTitle "GM"]
[WhiteElo "2406"]
[BlackElo "2580"]
[WhiteFideId "9300201"]
[BlackFideId "2107139"]
[EventDate "2014.06.16"]

1. Nf3 d5 2. d4 c6 3. c3 g6 4. Bf4 Bg7 5. Nbd2 Nf6 6. e3 O-O 7. h3 Ne4 8. Nxe4
dxe4 9. Nd2 f5 10. h4 h6 11. g4 Kh7 12. gxf5 gxf5 13. Rg1 Nd7 14. Qh5 Rf6 15.
Be5 Qf8 16. Bxf6 Qxf6 17. f3 exf3 18. Nxf3 Nf8 19. O-O-O Bd7 20. Bd3 e6 21. Ng5+
Kg8 22. Nh3 Be8 23. Qf3 c5 24. Nf4 cxd4 25. cxd4 Qf7 26. Rg3 e5 27. Rdg1 exf4
28. Rxg7+ Qxg7 29. Rxg7+ Kxg7 30. Qxb7+ 1-0

[Event "FIDE World Rapid 2014"]
[Site "Dubai UAE"]
[Date "2014.06.18"]
[Round "12.50"]
[White "Kayumov, Sergey"]
[Black "Saeed, Ishaq"]
[Result "1-0"]
[WhiteTitle "GM"]
[BlackTitle "FM"]
[WhiteElo "2505"]
[BlackElo "2227"]
[WhiteFideId "14200880"]
[BlackFideId "9301453"]
[EventDate "2014.06.16"]

1. d4 d5 2. Nf3 Nf6 3. Bf4 c6 4. e3 a6 5. Bd3 e6 6. O-O Bd6 7. Ne5 Qc7 8. Bg3
Nbd7 9. f4 c5 10. c3 b6 11. Nd2 Bb7 12. Rc1 c4 13. Bb1 b5 14. a3 g6 15. Qf3 Nh5
16. Bh4 Ng7 17. e4 O-O 18. exd5 Bxd5 19. Be4 Nb6 20. Bf6 Ne8 21. Bh4 f6 22. Ng4
f5 23. Bxd5 Nxd5 24. Ne5 Nef6 25. Rce1 Rae8 26. h3 Qb8 27. Bg5 Kg7 28. g4 Qc7
29. Qg3 Bxe5 30. fxe5 Ng8 31. gxf5 exf5 32. h4 h6 33. Bf4 Qc6 34. Kh2 Kh7 35.
Rg1 Nge7 36. Nf3 Nxf4 37. Qxf4 Nd5 38. Qg3 Qe6 39. Qh3 Nf4 40. Qg3 Nd5 41. Qh3
Nf4 42. Qf1 Nd5 43. Nd2 Rh8 44. Qf3 Reg8 45. Ref1 Rg7 46. Rf2 Rf8 47. Rfg2 Rfg8
48. Rg3 f4 49. Rg4 Rf8 50. Ne4 Rf5 51. Nc5 Qc6 52. e6 Rh5 53. Qe4 Kh8 54. R1g2
Qd6 55. Kg1 Ne3 56. Rxg6 Nxg2 57. Rxg7 Kxg7 58. e7 Nxh4 59. e8=N+ Kf8 60. Nxd6
Rg5+ 61. Kf1 1-0

[Event "FIDE World Rapid 2014"]
[Site "Dubai UAE"]
[Date "2014.06.18"]
[Round "12.51"]
[White "Alahakoon, Isuru"]
[Black "Sriram, Jha"]
[Result "0-1"]
[BlackTitle "GM"]
[WhiteElo "2123"]
[BlackElo "2375"]
[WhiteFideId "9900993"]
[BlackFideId "5001668"]
[EventDate "2014.06.16"]

1. e4 e5 2. Nf3 Nc6 3. Bc4 Nf6 4. d3 h6 5. c3 d6 6. Bb3 g6 7. Nbd2 Bg7 8. Nf1
O-O 9. Ne3 Na5 10. Bc2 c5 11. h3 Nc6 12. Bb3 Be6 13. Bxe6 fxe6 14. Ng4 Kh7 15.
Be3 Ne7 16. Qd2 Neg8 17. Bxh6 Nxh6 18. Ng5+ Kh8 19. Nxe6 Qe7 20. Nxg7 Nhxg4 21.
hxg4+ Kxg7 22. Qh6+ Kf7 23. g5 Rh8 24. Qxh8 Rxh8 25. Rxh8 Ne8 26. Ke2 Qxg5 27.
Rah1 Qg4+ 28. Ke1 Qxg2 29. R1h7+ Ng7 30. Rb8 Qg1+ 31. Ke2 Qg4+ 32. Ke3 Qd7 33.
Rhh8 Kf6 34. Rbf8+ Kg5 35. Rh7 Qe7 36. Rf3 d5 37. exd5 Qd7 38. Rg3+ Kf6 39. Ke4
Qa4+ 40. c4 Nf5 41. Rg2 Qc2 42. Rh3 Qe2+ 43. Re3 Nxe3 0-1